Nous étions deux (Paroles) - La Femme - Statistiques

Statistiques générales
  • Ce quiz a été pris 17 fois
  • Le résultat moyen est 249 sur 332
Statistiques - réponses
Réponse % Correct
à
100%
ça
100%
ce
100%
c'est
100%
de
100%
deux
100%
dit
100%
Elle
100%
elle
100%
et
100%
était
100%
étions
100%
jour
100%
la
100%
100%
l'a
100%
La
100%
me
100%
Nous
100%
nous
100%
pas
100%
qui
100%
toi
100%
un
100%
au
93%
des
93%
j'ai
93%
je
93%
le
93%
Le
93%
ma
93%
mort
93%
oui
93%
Si
93%
si
93%
amie
86%
café
86%
encore
86%
envie
86%
est
86%
faisons
86%
faut
86%
faute
86%
garçon
86%
lit
86%
Mais
86%
mais
86%
meilleure
86%
m'en
86%
paix
86%
que
86%
remords
86%
ta
86%
te
86%
vrai
86%
vraiment
86%
ai
79%
amour
79%
cocu
79%
dans
79%
dire
79%
79%
être
79%
fièvre
79%
jaune
79%
lancer
79%
mon
79%
par
79%
petit
79%
provoquer
79%
avec
71%
éclairs
71%
ennui
71%
gagné
71%
glacer
71%
il
71%
j'en
71%
jeu
71%
les
71%
regrette
71%
regretterais
71%
T'aurais
71%
tous
71%
tout
71%
Voilà
71%
vouloir
71%
y
71%
avance
64%
baiser
64%
bataille
64%
bras
64%
cette
64%
comme
64%
copains
64%
depuis
64%
faire
64%
fini
64%
fois
64%
goût
64%
j'entends
64%
longtemps
64%
mes
64%
ne
64%
on
64%
pouvais
64%
Pris
64%
pris
64%
qu'est-ce
64%
scandale
64%
sera
64%
Trop
64%
tu
64%
abandonneras
57%
amis
57%
beaucoup
57%
car
57%
c'était
57%
continuent
57%
enfiler
57%
loin
57%
menaces
57%
mieux
57%
névrose
57%
Serrons
57%
suis
57%
tend
57%
tes
57%
très
57%
tropical
57%
vie
57%
yeux
57%
alors
50%
bientôt
50%
cheveux
50%
contact
50%
crois
50%
douteux
50%
d'une
50%
m'as
50%
m'emportera
50%
pleurait
50%
plus
50%
Pourquoi
50%
sur
50%
t'emportera
50%
train
50%
vais
50%
attendait
43%
calcul
43%
Chérie
43%
dis
43%
doigts
43%
l'amour
43%
l'autre
43%
l'époque
43%
l'heure
43%
merde
43%
mis
43%
nuit
43%
oublier
43%
qu'il
43%
rue
43%
sais
43%
toute
43%
veux
43%
avait
36%
combien
36%
d'autres
36%
est-ce
36%
étendu
36%
inconnu
36%
leur
36%
viens
36%
chaud
29%
elles
29%
feu
29%
grand
29%
puisque
29%
route
29%
tellement
29%
Allez
21%
blessés
21%
feront
21%
moi
21%
moyens
21%
rallumer
21%
sûrement
21%
Allongé
14%
14%
mour
7%
m'écouter
0%
Aucun quiz correspondant
Distribution des résultats
% des personnes avec chaque résultat
Percentile par nombre de réponses
Votre historique - résultats
Vous n’avez pas pris ce quiz